Doktor hastalandı (Record no. 2378)

MARC details
000 -BAŞLIK
Sabit Uzunlukta Kontrol Alanı 00890na a2200277 4500
001 - KONTROL NUMARASI
Denetim Alanı 18034
003 - KONTROL NUMARASI IDENTIFIER
Denetim Alanı MIRAKIL
005 - SON İŞLEM TARİHİ VE ZAMANI
Denetim Alanı 20181213154855.0
008 - SABİT-BOY VERİ ELEMANLARI - GENEL BİLGİLER
Sabit Uzunlukta Kontrol Alanı 161109b tu 000 0
020 ## - ULUSLARARASI STANDART KİTAP NUMARASI
Uluslararası Standart Kitap Numarası 9786053327400
040 ## - KATALOGLAMA KAYNAK
Orijinal Kataloglama Ajansı Milas
Kataloglama Dili tur
Metne Dönüştürmek Ajansı TR-AnCHP
041 ## - DİL KODU
Metin / Ses Parça Veya Ayrı Başlığın Dil Kodu tur
082 ## - DEWEY ONLU SINIFLANDIRMA NUMARASI
Sınıflandırma Numarası 823.912
Ürün Numarası B86d 2016
090 ## - SINIFLAMA NUMARASI
Sınıflama Numarası 823.912 B86d 2016
100 ## - ANA GİRİŞ - KİŞİSEL İSİM
Kişisel Ad Burgess, Anthony
245 ## - BAŞLIK TABLOSU
Başlık Doktor hastalandı
Sorumluluk Tablosu, Vb Anthony Burgess ; İngilizce aslından çeviren Can Moralı
260 ## - YAYIN, DAĞITIM, VB
Yayın, Dağıtım, Vb Yeri İstanbul
Yayıncı, Dağıtıcı, Vs Adı Türkiye İş Bankası Kültür Yayınları
Yayın, Dağıtım, Vb Tarihi 2016
300 ## - FİZİKSEL TANIM
Kapsam 259 s.
Boyutlar 20 sm.
440 ## - SERİSİ TABLOSU / KATMA GİRİŞİ - BAŞLIK
Başlık Türkiye İş Bankası Kültür yayınları
Bir İşin Parçası / Bölümün İsmi 3540
490 ## - SERİSİ TABLOSU
Seri Beyanı Modern Klasikler dizisi
Hacim / Ardışık Tanımı 73
500 ## - GENEL NOT
Genel Not Özgün yapıt adı: The doctor is sick
650 ## - KONU KATMA GİRİŞ - TOPİKAL DÖNEM
Topikal Süreli Veya Coğrafi Ad Giriş Elemanı İngiliz romanı
Genel Alt Bölümü Türkçeye çeviriler
650 ## - KONU KATMA GİRİŞ - TOPİKAL DÖNEM
Topikal Süreli Veya Coğrafi Ad Giriş Elemanı İngiliz edebiyatı
Genel Alt Bölümü Roman
942 ## - EKLENDİ GİRİŞ ELEMANLARI (KOHA)
Sınıflandırma Veya Raf Düzeni Kaynak Dewey Decimal Classification
Koha Öğesi Türü Books
999 ## - SİSTEM KONTROL NUMARALARI (KOHA)
Koha Biblionumber 2378
Koha Biblioitemnumber 2378
657 ## - INDEX SÜRE - İŞLEVİ
-- Psikolojik roman
Holdings
Kalıcı Konum Mevcut Konum Edinme Tarihi Edinim Kaynak Toplam Check-Out'Lar Toplam Yenileme Tam Çağrı Numarası Barkod Tarih Son Görülme Tarihi Geçen Teslim İtibaren Geçerli Fiyatlar Koha Öğesi Türü
CHP Kütüphanesi CHP Kütüphanesi 11/09/2016 Bağış 1 1 823.912 B86d 2016 009308 05/06/2024 03/04/2024 11/09/2016 Books